000 01573nam a2200373 a 4500
001 ebr5002856
003 CaPaEBR
006 m u
007 cr cn|||||||||
008 970916s1998 enkb sb 001 0 eng
010 _z 97038363
020 _z0415171407 (alk. paper)
040 _aCaPaEBR
_cCaPaEBR
035 _a(OCoLC)70763596
050 1 4 _aHC453
_b.C55 1998eb
082 0 4 _a322/.0959
_221
100 1 _aClarke, Gerard,
_d1965-
245 1 4 _aThe politics of NGOs in South-East Asia
_h[electronic resource] :
_bparticipation and protest in the Philippines /
_cGerard Clarke.
260 _aLondon ;
_aNew York :
_bRoutledge,
_c1998.
300 _axxxii, 299 p. :
_bmap.
490 1 _aPolitics in Asia series
504 _aIncludes bibliographical references (p. [253]-274) and index.
533 _aElectronic reproduction.
_bPalo Alto, Calif. :
_cebrary,
_d2013.
_nAvailable via World Wide Web.
_nAccess may be limited to ebrary affiliated libraries.
650 0 _aNon-governmental organizations
_zPhilippines.
650 0 _aNon-governmental organizations
_zSoutheast Asia.
650 0 _aPolitical participation
_zPhilippines.
650 0 _aPolitical participation
_zSoutheast Asia.
651 0 _aPhilippines
_xPolitics and government
_y1986-
651 0 _aSoutheast Asia
_xPolitics and government
_y1945-
655 7 _aElectronic books.
_2local
710 2 _aebrary, Inc.
830 0 _aPolitics in Asia series.
856 4 0 _uhttp://site.ebrary.com/lib/rucke/Doc?id=5002856
_zAn electronic book accessible through the World Wide Web; click to view
999 _c1759
_d1759